[Event "TCh-RUS Blitz 2015"]
[Site "Sochi RUS"]
[Date "2015.05.10"]
[Round "3.15"]
[White "Popov, Ivan RUS"]
[Black "Zablotsky, Sergei"]
[Result "0-1"]
[WhiteTitle "GM"]
[BlackTitle "GM"]
[WhiteElo "2648"]
[BlackElo "2525"]
[WhiteTeam "SHSM-Our Heritage-2 (Moscow)"]
[BlackTeam "56 parallel (Krasnoyarsk)"]
[WhiteFideId "4170350"]
[BlackFideId "4131606"]
[EventDate "2015.05.10"]

1. e4 d6 2. d4 Nf6 3. Nc3 e5 4. Nf3 Nbd7 5. Bc4 Be7 6. O-O O-O 7. Re1 c6 8. a4
exd4 9. Nxd4 Ne5 10. Be2 Bd7 11. f4 Ng6 12. g3 Re8 13. Bf3 Bf8 14. a5 Rb8 15.
Be3 Qc8 16. Qd3 b5 17. axb6 axb6 18. Nf5 d5 19. Nd4 c5 20. exd5 Rxe3 21. Rxe3
cxd4 22. Qxd4 Bc5 23. Qd2 Ng4 24. Bxg4 Bxg4 25. Re1 h5 26. Nb5 Bxe3+ 27. Rxe3
Qc5 28. c4 Qxc4 29. Nd6 Qc7 30. Ne4 Rd8 31. Ng5 Qc5 32. b4 Qd6 33. Rd3 Bf5 34.
Rd4 Ne7 35. Qe2 Nxd5 36. Qxh5 Bg6 37. Qd1 Qc6 38. Nf3 f6 39. Nh4 Bf7 40. Nf5 Re8
41. Qg4 Qc1+ 42. Kg2 Ne3+ 43. Nxe3 Qxe3 44. f5 b5 45. Kh3 Qe2 46. Qxe2 Rxe2 47.
g4 Rb2 48. Kg3 Rb3+ 49. Kf4 Bc4 50. h4 Rxb4 51. g5 fxg5+ 52. hxg5 Kh7 53. Ke5
Rb3 54. Rh4+ Kg8 55. g6 Re3+ 56. Kd4 Re8 57. Rh2 Rb8 58. Kc5 Bd3 59. Rf2 b4 60.
Kc6 b3 61. Kc7 Rf8 0-1

[Event "TCh-RUS Blitz 2015"]
[Site "Sochi RUS"]
[Date "2015.05.10"]
[Round "3.16"]
[White "Mikhel, Vladislav"]
[Black "Potkin, Vladimir"]
[Result "0-1"]
[WhiteTitle "FM"]
[BlackTitle "GM"]
[WhiteElo "2347"]
[BlackElo "2599"]
[WhiteTeam "56 parallel (Krasnoyarsk)"]
[BlackTeam "SHSM-Our Heritage-2 (Moscow)"]
[WhiteFideId "4140435"]
[BlackFideId "4131061"]
[EventDate "2015.05.10"]

1. e4 c5 2. Nf3 e6 3. c4 Nc6 4. Nc3 e5 5. g3 d6 6. Bg2 Be7 7. O-O f5 8. d3 Nf6
9. Nd5 O-O 10. Nxf6+ Bxf6 11. a3 f4 12. h3 g5 13. Nh2 Nd4 14. gxf4 gxf4 15. Kh1
Kh8 16. Rg1 Be6 17. b4 Bh4 18. f3 Bf2 19. Rf1 Qh4 20. Ng4 Bxg4 21. fxg4 f3 0-1

[Event "TCh-RUS Blitz 2015"]
[Site "Sochi RUS"]
[Date "2015.05.10"]
[Round "3.17"]
[White "Demidov, Mikhail"]
[Black "Sjugirov, Sanan"]
[Result "0-1"]
[WhiteTitle "IM"]
[BlackTitle "GM"]
[WhiteElo "2513"]
[BlackElo "2670"]
[WhiteTeam "Boavista (Moscow)"]
[BlackTeam "Lada (Samara region)"]
[WhiteFideId "4197143"]
[BlackFideId "4189302"]
[EventDate "2015.05.10"]

1. d4 Nf6 2. Nf3 e6 3. Bg5 h6 4. Bh4 d6 5. Nbd2 g5 6. Bg3 Nh5 7. e4 Bg7 8. c3
Nc6 9. Bb5 Bd7 10. Ng1 Nxg3 11. hxg3 Qe7 12. Ne2 f5 13. Qc2 O-O-O 14. O-O-O Kb8
15. Bd3 Rhf8 16. exf5 exf5 17. Rhe1 Qf7 18. Bc4 Qf6 19. Nf3 Rfe8 20. Bd3 h5 21.
Kb1 Bh6 22. Nc1 f4 23. gxf4 g4 24. Ng1 Qxf4 25. f3 h4 26. fxg4 Bxg4 27. Be2 Bd7
28. Nd3 Qg3 29. Bf3 Na5 30. Qf2 Bf5 31. Qxg3 hxg3 32. Kc2 Nc4 33. Rxe8 Rxe8 34.
Rb1 Ne3+ 35. Kd2 Nxg2+ 36. Kc2 Ne1+ 37. Rxe1 Rxe1 38. Ne2 g2 0-1

[Event "TCh-RUS Blitz 2015"]
[Site "Sochi RUS"]
[Date "2015.05.10"]
[Round "3.18"]
[White "Bukavshin, Ivan"]
[Black "Vastrukhin, Oleg"]
[Result "1-0"]
[WhiteTitle "GM"]
[WhiteElo "2648"]
[BlackElo "2389"]
[WhiteTeam "Lada (Samara region)"]
[BlackTeam "Boavista (Moscow)"]
[WhiteFideId "4199758"]
[BlackFideId "4192770"]
[EventDate "2015.05.10"]

1. Nf3 g6 2. d4 Bg7 3. e4 c6 4. Nc3 d5 5. h3 dxe4 6. Nxe4 Nf6 7. Bd3 O-O 8. O-O
Nxe4 9. Bxe4 Nd7 10. c3 Qc7 11. Re1 e5 12. d5 cxd5 13. Bxd5 Nb6 14. Bb3 Nc4 15.
Qe2 Be6 16. Ng5 b5 17. Nxe6 fxe6 18. Bg5 h6 19. Bh4 Kh7 20. Bg3 Rad8 21. a4 Rd2
22. Qe4 Rxb2 23. Bc2 Rf5 24. axb5 Nd6 25. Qa4 Rf7 26. Bxe5 Bxe5 27. Rxe5 Qxc3
28. Re2 Nxb5 29. Rc1 Qd4 30. Qa6 Nc3 31. Rxe6 Qxf2+ 32. Kh1 Rxc2 33. Rxc2 Qxc2
34. Qc4 Qd1+ 35. Kh2 Nd5 36. Qe4 Nf4 37. Re7 Qb3 1-0

[Event "TCh-RUS Blitz 2015"]
[Site "Sochi RUS"]
[Date "2015.05.10"]
[Round "3.19"]
[White "Pasiev, Rakhim"]
[Black "Frolyanov, Dmitry"]
[Result "0-1"]
[WhiteTitle "IM"]
[BlackTitle "GM"]
[WhiteElo "2384"]
[BlackElo "2569"]
[WhiteTeam "Boavista (Moscow)"]
[BlackTeam "Lada (Samara region)"]
[WhiteFideId "24122475"]
[BlackFideId "4151976"]
[EventDate "2015.05.10"]

1. e4 e5 2. Nf3 Nf6 3. Nxe5 d6 4. Nf3 Nxe4 5. Nc3 Nxc3 6. dxc3 Be7 7. Bf4 O-O 8.
Bd3 Nd7 9. Qd2 Nc5 10. O-O-O c6 11. h3 Qa5 12. Kb1 Be6 13. b3 Nxd3 14. cxd3 Bf6
15. d4 Rfd8 16. Rhe1 Qb6 17. g4 a5 18. Ng5 Bd5 19. c4 Bxc4 20. Nxh7 Kxh7 21.
Qc2+ Kg8 22. Qxc4 c5 23. g5 Bxd4 24. g6 d5 25. gxf7+ Kxf7 26. Qe2 Re8 27. Qh5+
Qg6+ 28. Qxg6+ Kxg6 29. Rg1+ Kf7 30. Rg2 a4 31. Be3 axb3 32. axb3 Ra1+ 33. Kc2
Rxd1 34. Kxd1 Bxe3 35. fxe3 Rxe3 36. Rg5 Rxb3 37. Rxd5 b6 0-1

[Event "TCh-RUS Blitz 2015"]
[Site "Sochi RUS"]
[Date "2015.05.10"]
[Round "3.20"]
[White "Predke, Alexandr"]
[Black "Denishev, Marat"]
[Result "1-0"]
[WhiteElo "2533"]
[BlackElo "2275"]
[WhiteTeam "Lada (Samara region)"]
[BlackTeam "Boavista (Moscow)"]
[WhiteFideId "24107581"]
[BlackFideId "24131563"]
[EventDate "2015.05.10"]

1. e4 c6 2. d4 d5 3. Nc3 dxe4 4. Nxe4 Nf6 5. Nxf6+ exf6 6. c3 Bd6 7. Bd3 O-O 8.
Ne2 Qc7 9. Qc2 h6 10. h3 c5 11. dxc5 Bxc5 12. Bf4 Bd6 13. Bxd6 Qxd6 14. O-O Nc6
15. Rad1 Qc5 16. a3 Be6 17. Nf4 Bc4 18. Rfe1 Ne5 19. Bxc4 Qxc4 20. Rd4 Qc6 21.
Nd5 Kh8 22. f4 Nc4 23. Re7 Nd6 24. Qd3 Nb5 25. Rb4 a6 26. a4 Nd6 27. Rb6 Qc5+
28. Kh2 Nc8 29. Rc7 Qf2 30. Rbxb7 Nd6 31. Rb6 Nf5 32. Qxf5 Rae8 33. Rbc6 Re2 34.
Qg4 Re1 35. Qf3 Qg1+ 36. Kg3 Rfe8 37. Rc8 Kh7 38. Rxe8 Rxe8 39. Qd3+ Kh8 40. Rd6
Qc5 41. Rd7 Qc6 42. Nb4 Qb6 43. Kh2 a5 44. Qd4 Qb8 45. Nc6 Qxb2 46. Rd8 Rxd8 47.
Nxd8 Qc1 48. Nxf7+ Kg8 49. Nd6 Qa1 50. Nb7 1-0

[Event "TCh-RUS Blitz 2015"]
[Site "Sochi RUS"]
[Date "2015.05.10"]
[Round "3.21"]
[White "Yudin, Sergei"]
[Black "Balashov, Yuri S"]
[Result "1-0"]
[WhiteTitle "GM"]
[BlackTitle "GM"]
[WhiteElo "2524"]
[BlackElo "2443"]
[WhiteTeam "Polytechnic (Nizhny Tagil)"]
[BlackTeam "Our Heritage veterans (Moscow)"]
[WhiteFideId "4159659"]
[BlackFideId "4100263"]
[EventDate "2015.05.10"]

1. b3 e5 2. Bb2 d6 3. e3 Nd7 4. d4 exd4 5. exd4 Be7 6. Nf3 Ngf6 7. Bd3 O-O 8.
O-O a5 9. a3 b6 10. c4 Bb7 11. Nc3 Re8 12. Re1 Bf8 13. d5 Nc5 14. Bc2 Qd7 15.
Qd4 Rxe1+ 16. Rxe1 Re8 17. Rxe8 Qxe8 18. h3 Bc8 19. b4 axb4 20. axb4 Ncd7 21.
Nb5 Qd8 22. g4 Ne8 23. Na7 Ne5 24. Nxe5 dxe5 25. Qxe5 Bxb4 26. Nc6 f6 27. Qe3 1-0

[Event "TCh-RUS Blitz 2015"]
[Site "Sochi RUS"]
[Date "2015.05.10"]
[Round "3.22"]
[White "Dragomarezkij, Evgeni"]
[Black "Goganov, Aleksey"]
[Result "0-1"]
[WhiteTitle "IM"]
[BlackTitle "GM"]
[WhiteElo "2393"]
[BlackElo "2609"]
[WhiteTeam "Our Heritage veterans (Moscow)"]
[BlackTeam "Polytechnic (Nizhny Tagil)"]
[WhiteFideId "4101944"]
[BlackFideId "24109959"]
[EventDate "2015.05.10"]

1. c4 g6 2. d4 Nf6 3. Nc3 Bg7 4. e4 d6 5. f3 O-O 6. Be3 a6 7. Qd2 c6 8. c5 Nbd7
9. Nge2 b5 10. cxb6 Nxb6 11. b3 a5 12. Qc2 Nfd7 13. Rd1 Ba6 14. Ng3 Bxf1 15.
Nxf1 Qc8 16. Nd2 c5 17. d5 c4 18. Ne2 cxb3 19. Qxb3 Qa6 20. Nd4 Nc5 21. Qb5 Qxb5
22. Nxb5 Nba4 23. Nb3 Nc3 24. Nxc3 Bxc3+ 25. Bd2 Bb4 26. Nxc5 Bxc5 27. Rb1 Rab8
28. Ke2 a4 29. Kd3 f5 30. exf5 gxf5 31. g3 Kf7 32. Bc3 e5 33. dxe6+ Kxe6 34.
Rhe1+ Kd5 35. Rxb8 Rxb8 36. Re7 Rb1 37. Rxh7 Rf1 0-1

[Event "TCh-RUS Blitz 2015"]
[Site "Sochi RUS"]
[Date "2015.05.10"]
[Round "3.23"]
[White "Pogromsky, Mikhail"]
[Black "Kremenietsky, Anatoly M."]
[Result "0-1"]
[WhiteTitle "IM"]
[BlackTitle "IM"]
[WhiteElo "2428"]
[BlackElo "2316"]
[WhiteTeam "Polytechnic (Nizhny Tagil)"]
[BlackTeam "Our Heritage veterans (Moscow)"]
[WhiteFideId "4184688"]
[BlackFideId "4103467"]
[EventDate "2015.05.10"]

1. Nf3 f5 2. c4 Nf6 3. Nc3 g6 4. d4 Bg7 5. g3 O-O 6. Bg2 d6 7. O-O Qe8 8. b4 e5
9. e3 Qf7 10. c5 e4 11. Ng5 Qc4 12. Bd2 h6 13. Nh3 g5 14. a4 a5 15. bxa5 dxc5
16. dxc5 Qxc5 17. Nb5 c6 18. Rc1 Qe7 19. Nd4 Na6 20. Qb3+ Qf7 21. Qa3 Be6 22.
Nxe6 Qxe6 23. Bc3 Nd5 24. Bxg7 Kxg7 25. Qb2+ Kg8 26. Qxb7 Nab4 27. Rb1 Rfb8 28.
Rxb4 Rxb7 29. Rxb7 Nc3 30. Ra1 Qd6 31. Bf1 Rxa5 32. Rc1 Qd2 33. Ra1 Rxa4 34.
Rxa4 Nxa4 35. Rc7 Qc2 36. Rd7 Nb2 37. Rd6 Nd3 38. Rxh6 g4 39. Bxd3 exd3 40. Ng5
d2 41. Rg6+ Kf8 42. Rf6+ Ke7 43. Rf7+ Ke8 0-1

[Event "TCh-RUS Blitz 2015"]
[Site "Sochi RUS"]
[Date "2015.05.10"]
[Round "3.24"]
[White "Melnik, Viktor"]
[Black "Vokarev, Sergey"]
[Result "0-1"]
[BlackTitle "GM"]
[WhiteElo "2141"]
[BlackElo "2456"]
[WhiteTeam "Our Heritage veterans (Moscow)"]
[BlackTeam "Polytechnic (Nizhny Tagil)"]
[WhiteFideId "4189205"]
[BlackFideId "4119711"]
[EventDate "2015.05.10"]

1. e4 c5 2. Nf3 Nc6 3. d4 cxd4 4. Nxd4 Nf6 5. Nc3 g6 6. Be3 Bg7 7. Be2 O-O 8.
O-O d5 9. exd5 Nb4 10. Bf3 Nfxd5 11. Nxd5 Nxd5 12. Bxd5 Qxd5 13. c3 b6 14. Qf3
Bb7 15. Qxd5 Bxd5 16. Rfd1 Bb7 17. Bg5 f6 18. Be3 Kf7 19. Nb5 Bc6 20. Nd4 Ba4
21. Rd2 Rfd8 22. b3 Be8 23. Rad1 e5 24. Nc2 Rxd2 25. Rxd2 Ke6 26. c4 f5 27. f3
Bf6 28. Nb4 Rd8 29. Rxd8 Bxd8 30. g3 g5 31. a4 h5 32. Nd3 Bc6 33. Kf2 f4 34. Bd2
e4 35. fxe4 Bxe4 36. Ne1 fxg3+ 37. hxg3 h4 38. gxh4 gxh4 39. Bf4 Be7 40. Ke3 Kf5
41. Bb8 Bc5+ 42. Ke2 a5 43. Nf3 Kg4 44. Ne5+ Kf5 45. Nf3 h3 46. Nd2 Bg2 47. Nf3
Bxf3+ 48. Kxf3 Bd4 49. Bc7 Bg1 50. Kg3 h2 51. Kg2 Ke4 52. Bxh2 Bxh2 53. Kxh2 Kd3
54. b4 Kxc4 55. bxa5 bxa5 56. Kg2 Kb4 57. Kf2 Kxa4 58. Ke2 Kb3 59. Kd2 Kb2 60.
Ke1 0-1

[Event "TCh-RUS Blitz 2015"]
[Site "Sochi RUS"]
[Date "2015.05.10"]
[Round "3.25"]
[White "Skomorokhin, Roman"]
[Black "Reshetnikov, Alexey"]
[Result "1/2-1/2"]
[WhiteTitle "IM"]
[BlackTitle "IM"]
[WhiteElo "2381"]
[BlackElo "2498"]
[WhiteTeam "SK Volga (Kstovo)"]
[BlackTeam "Our heritage junior (Moscow)"]
[WhiteFideId "4112610"]
[BlackFideId "4162080"]
[EventDate "2015.05.10"]

1. d4 d5 2. c4 c6 3. Nf3 Nf6 4. e3 Bf5 5. cxd5 cxd5 6. Qb3 Qb6 7. Qxb6 axb6 8.
Nc3 Bd7 9. Bd2 e6 10. Nb5 Bxb5 11. Bxb5+ Nbd7 12. Ne5 Bd6 13. f4 Ke7 14. Ke2
Rhc8 15. a3 Rc2 16. Rab1 Ne4 17. Rhd1 Ndf6 18. Bd3 Rxd2+ 19. Rxd2 Nxd2 20. Kxd2
Rc8 21. Nf3 h6 22. Rc1 Rg8 23. h4 Ne4+ 24. Ke2 Nf6 25. Rg1 Rc8 26. g4 Nd7 27.
Kd2 Nb8 28. Rc1 Nc6 29. Bb5 Rc7 30. g5 hxg5 31. hxg5 Na7 32. Rxc7+ Bxc7 33. Bd3
Nc8 34. b4 Nd6 35. Ne5 f6 36. gxf6+ gxf6 37. Ng4 b5 38. Nf2 Nc4+ 39. Bxc4 bxc4
40. a4 Bd6 41. Kc3 Kd7 42. Ng4 Ke7 43. Nf2 Bc7 44. Nh3 Kf7 45. Nf2 Bd6 46. Ng4
Kg6 47. Nf2 Kf5 48. a5 Bc7 49. Kd2 Bd6 50. Kc3 Bc7 51. Kd2 e5 52. fxe5 fxe5 53.
e4+ dxe4 54. dxe5 Kf4 55. Nd1 Bxe5 56. b5 Bd4 57. a6 bxa6 58. bxa6 Kf3 59. Kc2
e3 60. Nxe3 Kxe3 61. a7 Bxa7 62. Kc3 1/2-1/2

[Event "TCh-RUS Blitz 2015"]
[Site "Sochi RUS"]
[Date "2015.05.10"]
[Round "3.26"]
[White "Vavulin, Maksim"]
[Black "Skomorokhin, Vadim"]
[Result "1-0"]
[WhiteTitle "IM"]
[BlackTitle "FM"]
[WhiteElo "2442"]
[BlackElo "2342"]
[WhiteTeam "Our heritage junior (Moscow)"]
[BlackTeam "SK Volga (Kstovo)"]
[WhiteFideId "4169530"]
[BlackFideId "4119835"]
[EventDate "2015.05.10"]

1. e4 e6 2. d4 b6 3. Nf3 Bb7 4. Bd3 c5 5. c3 Nf6 6. Qe2 d5 7. e5 Nfd7 8. h4 Qc8
9. Be3 Ba6 10. h5 h6 11. Nbd2 Bxd3 12. Qxd3 Qa6 13. Qxa6 Nxa6 14. Ke2 Be7 15. g4
f6 16. exf6 gxf6 17. Nh4 Rh7 18. f4 O-O-O 19. Ndf3 Kb7 20. Ng6 Bd6 21. Rad1 cxd4
22. Nxd4 Re8 23. f5 exf5 24. Nxf5 Bc5 25. Rxd5 Nc7 26. Rxc5 bxc5 27. Nd6+ Kc6
28. Nxe8 Nxe8 29. Rf1 Nd6 30. Kd3 Ne5+ 31. Nxe5+ fxe5 32. Rf6 Rg7 33. Rg6 Rf7
34. c4 Rf3 35. Ke2 Rg3 36. Kf2 Rh3 37. Bxh6 Kd7 38. b3 Ne4+ 39. Ke2 Nc3+ 40. Kd2
Ne4+ 41. Kc2 Rh2+ 42. Kd3 Nf2+ 43. Ke3 Nd1+ 44. Ke4 Re2+ 45. Kd5 e4 46. Rg7+ Ke8
47. Ke6 Kd8 48. Bf4 Rf2 49. Rg8# 1-0

[Event "TCh-RUS Blitz 2015"]
[Site "Sochi RUS"]
[Date "2015.05.10"]
[Round "3.27"]
[White "Talanin, Andrei"]
[Black "Savenkov, Konstantin"]
[Result "0-1"]
[BlackTitle "FM"]
[WhiteElo "2279"]
[BlackElo "2320"]
[WhiteTeam "SK Volga (Kstovo)"]
[BlackTeam "Our heritage junior (Moscow)"]
[WhiteFideId "4117387"]
[BlackFideId "4138600"]
[EventDate "2015.05.10"]

1. d4 Nf6 2. c4 d6 3. Nf3 g6 4. g3 Bg7 5. Bg2 O-O 6. O-O Nc6 7. d5 Na5 8. Nbd2
c5 9. Qc2 a6 10. Rb1 b5 11. b3 Rb8 12. Bb2 Bd7 13. e4 e5 14. dxe6 Bxe6 15. cxb5
axb5 16. Ng5 Bd7 17. e5 Bf5 18. Nge4 Nxe4 19. Bxe4 Bh3 20. Rfd1 dxe5 21. Nc4 Qc7
22. Ne3 Qa7 23. Rbc1 Rbc8 24. Qe2 Qb8 25. Rd5 Nc6 26. Rdxc5 Nd4 27. Bxd4 exd4
28. Nd5 Rxc5 29. Rxc5 Be6 30. Qxb5 Qa7 31. Qa5 Qb8 32. Qc7 Qe8 33. Ne7+ Kh8 34.
Bc6 Qd8 35. Qxd8 Rxd8 36. Bf3 d3 37. Nc6 Rc8 38. b4 Bxa2 39. b5 Bf8 40. Rc3 d2
41. Rd3 Bc4 42. Rxd2 Bxb5 43. Ne5 Kg7 44. Kg2 h5 45. h4 Be7 46. Rb2 Be8 47. Re2
Bf6 48. Nd3 Bb5 49. Re3 Bd4 50. Re4 Ba7 51. Ne5 Rc2 52. Rf4 Rxf2+ 53. Kh1 f6 54.
Bg2 Rxf4 55. gxf4 fxe5 56. fxe5 Bd3 57. Bd5 Kf8 58. Kg2 Bb8 59. e6 Ke7 60. Kf3
Bf5 61. Bc4 Bxe6 62. Bd3 Bf5 63. Bc4 Kf6 64. Be2 Be5 65. Bf1 Bc3 66. Kf4 Be1 67.
Kf3 Bxh4 68. Kg2 Bg5 69. Kh1 Be3 70. Kg2 g5 71. Kf3 Ba7 72. Kg3 Bb8+ 73. Kg2 g4
74. Bc4 Kg5 75. Kg1 h4 0-1

[Event "TCh-RUS Blitz 2015"]
[Site "Sochi RUS"]
[Date "2015.05.10"]
[Round "3.28"]
[White "Shuvalova, Polina"]
[Black "Shumilina, Alexandra"]
[Result "0-1"]
[WhiteTitle "WFM"]
[BlackTitle "WIM"]
[WhiteElo "2212"]
[BlackElo "2238"]
[WhiteTeam "Our heritage junior (Moscow)"]
[BlackTeam "SK Volga (Kstovo)"]
[WhiteFideId "24171760"]
[BlackFideId "4165810"]
[EventDate "2015.05.10"]

1. e4 c5 2. Nf3 d6 3. Bb5+ Bd7 4. Bxd7+ Qxd7 5. O-O Nf6 6. Qe2 Nc6 7. c3 e6 8.
d4 cxd4 9. cxd4 d5 10. e5 Ne4 11. Be3 Be7 12. Ne1 f5 13. f3 Ng5 14. Nd3 Nf7 15.
Nd2 O-O 16. Rac1 b6 17. a3 Rfc8 18. b4 Ncd8 19. Nf4 Rxc1 20. Rxc1 Rc8 21. Rxc8
Qxc8 22. Qb5 Kf8 23. Kf2 g5 24. Nd3 f4 25. Nxf4 gxf4 26. Bxf4 Qc3 27. Be3 Qxa3
28. g4 Qxb4 29. Qd7 a6 30. Kg3 Qb5 31. Qc8 Qe2 32. Bf4 Qe1+ 33. Kg2 Kg7 34. Nf1
Qe2+ 35. Kg1 Bh4 36. Bg3 Bxg3 37. Nxg3 Qxf3 38. Qxa6 Qe3+ 39. Kg2 Qxd4 40. Nh5+
Kg6 41. Qa3 Qxg4+ 42. Ng3 Nxe5 43. Qe7 Ndf7 44. Kg1 Nf3+ 45. Kg2 Nh4+ 46. Kg1
Qd4+ 47. Kf1 Qf6+ 0-1

[Event "TCh-RUS Blitz 2015"]
[Site "Sochi RUS"]
[Date "2015.05.10"]
[Round "3.29"]
[White "Potapov, Pavel"]
[Black "Lugovskoy, Maxim"]
[Result "1/2-1/2"]
[WhiteTitle "IM"]
[BlackTitle "IM"]
[WhiteElo "2477"]
[BlackElo "2427"]
[WhiteTeam "Yamal (YaNAO)"]
[BlackTeam "Krasnodar region"]
[WhiteFideId "4169786"]
[BlackFideId "24126454"]
[EventDate "2015.05.10"]

1. f4 d5 2. Nf3 e6 3. g3 f5 4. Bg2 Nf6 5. O-O Be7 6. b3 O-O 7. Bb2 Nbd7 8. e3 c5
9. Nc3 b6 10. a4 Bb7 11. Ng5 Re8 12. Nxe6 Qc8 13. Nb5 Nf8 14. Nec7 a6 15. Nxe8
Nxe8 16. Nc3 Nf6 17. d3 Ne6 18. Qd2 Qd7 19. Rae1 h5 20. Bf3 h4 21. Qg2 hxg3 22.
hxg3 Kf7 23. Nd1 Rh8 24. Nf2 g5 25. Bxf6 Bxf6 26. c4 Nc7 27. g4 gxf4 28. exf4
Bd4 29. g5 Kg6 30. Re2 Ne6 31. Qg3 Qd6 32. Rfe1 Bc8 33. Bxd5 Nc7 34. Bf3 Ne6 35.
Bd5 Nc7 36. Qf3 Nxd5 37. cxd5 Kf7 38. Re7+ Qxe7 39. Rxe7+ Kxe7 40. Kg2 Kd6 41.
Nh3 Bb7 42. Qe2 Bxd5+ 43. Kg3 Bc6 44. g6 Re8 45. Qh5 Re3+ 46. Kh4 Bf6+ 47. Ng5
Re1 48. Kg3 Rg1+ 49. Kf2 Bd4+ 50. Ke2 Rg2+ 51. Kf1 Rg1+ 52. Ke2 Rg2+ 53. Kf1
Rg1+ 54. Ke2 Rg2+ 55. Kf1 Rg3 1/2-1/2

[Event "TCh-RUS Blitz 2015"]
[Site "Sochi RUS"]
[Date "2015.05.10"]
[Round "3.30"]
[White "Oganian, Miran"]
[Black "Belyakov, Bogdan"]
[Result "1/2-1/2"]
[WhiteTitle "FM"]
[BlackTitle "IM"]
[WhiteElo "2371"]
[BlackElo "2478"]
[WhiteTeam "Krasnodar region"]
[BlackTeam "Yamal (YaNAO)"]
[WhiteFideId "4122488"]
[BlackFideId "24104795"]
[EventDate "2015.05.10"]

1. d4 Nf6 2. c4 g6 3. Nc3 Bg7 4. e4 O-O 5. Nf3 d6 6. Be2 e5 7. Be3 Ng4 8. Bg5 f6
9. Bh4 g5 10. Bg3 Nh6 11. d5 f5 12. exf5 Bxf5 13. Nd2 Nd7 14. Nde4 b6 15. b4 a5
16. a3 Bg6 17. O-O Nf5 18. c5 axb4 19. axb4 Rxa1 20. Qxa1 bxc5 21. bxc5 Nd4 22.
Bc4 Nxc5 23. Nxc5 dxc5 24. Qa7 Qd6 25. f3 Kh8 26. h4 gxh4 27. Bxh4 Bh6 28. Bf2
Bd2 29. Nb5 Nxb5 30. Bxb5 Qxd5 31. Qxc7 Bc3 32. Qxc5 Qxc5 33. Bxc5 Rb8 34. Bd7
Kg7 35. g4 Kf6 36. Bf2 Rb2 37. Rd1 Rd2 38. Rxd2 Bxd2 39. Bc6 Kg5 40. Kg2 h5 41.
gxh5 Bxh5 42. Bg3 Bf4 43. Bf2 Bf7 44. Be4 Bc4 45. Bc5 Be6 46. Be7+ Kh5 47. Bc6
Kg6 48. Be8+ Bf7 49. Bd7 Bd5 50. Bc5 Kf6 51. Kf2 Kg5 52. Be7+ Kg6 53. Be8+ Kf5
54. Bd7+ Be6 55. Bxe6+ Kxe6 56. Bc5 1/2-1/2

[Event "TCh-RUS Blitz 2015"]
[Site "Sochi RUS"]
[Date "2015.05.10"]
[Round "3.31"]
[White "Goryachkina, Aleksandra"]
[Black "Zakaryan, David"]
[Result "1-0"]
[WhiteTitle "WGM"]
[BlackTitle "FM"]
[WhiteElo "2474"]
[BlackElo "2322"]
[WhiteTeam "Yamal (YaNAO)"]
[BlackTeam "Krasnodar region"]
[WhiteFideId "4147103"]
[BlackFideId "24101923"]
[EventDate "2015.05.10"]

1. Nf3 g6 2. c4 Bg7 3. Nc3 c5 4. g3 Nc6 5. Bg2 e6 6. O-O Nge7 7. b3 d5 8. cxd5
exd5 9. Bb2 O-O 10. Rc1 b6 11. d4 cxd4 12. Na4 Ba6 13. Re1 Rc8 14. Qd2 Nf5 15.
g4 Nh4 16. Bh1 Nxf3+ 17. Bxf3 Qh4 18. Rxc6 Rxc6 19. Bxd4 Bxd4 20. Qxd4 Qf6 21.
Qxd5 Rd6 22. g5 Rxd5 23. gxf6 Rd6 24. Rc1 Rxf6 25. Rc7 Bb5 26. Rxa7 Rc8 27. Rb7
Bxa4 28. bxa4 Rc4 29. Ra7 Rb4 30. Bd5 h5 31. f3 Rb2 32. Kf2 Kg7 33. Bb3 g5 34.
h3 Kg6 35. Rb7 Rd2 36. Ra7 Rdd6 37. a5 bxa5 38. Rxa5 Rc6 39. Ra7 Ra6 40. Bc2+
Kg7 41. Rxa6 Rxa6 42. Bb3 Kf6 43. Bc4 Ra7 44. Ke3 Ke5 45. Bb3 f5 46. Kf2 Kd4 47.
Bc2 Ra5 48. Bb3 f4 49. Bf7 h4 50. Bb3 Kc3 51. Be6 Kd2 52. Bb3 Re5 53. Bc4 Re3
54. Bb5 Ra3 55. Bc4 Ra5 56. Bb3 Ra6 57. Bc4 Ra4 58. Bb3 Ra3 59. Bc4 Rc3 60. Bb5
Rc1 61. a4 Ra1 62. Bc6 Ra2 63. Bb5 Kd1 64. Kf1 Ra3 65. Bc6 Kd2 66. Kf2 Ra1 67.
Bb5 Kc3 68. Bc6 Kd4 69. Bb5 Ra2 70. Bc6 Ra3 71. Bb5 g4 72. hxg4 h3 73. Kg1 Ra1+
74. Kh2 Ke3 75. Kxh3 Rh1+ 76. Kg2 Rh6 77. Bd7 Rd6 78. Bb5 Rg6 79. Kh3 Rh6+ 80.
Kg2 Rg6 81. Be8 Rb6 82. Bb5 Rg6 83. Bd3 Rg5 84. Bc4 Rc5 85. Bb5 Rg5 86. Kh3 Rc5
87. Kh4 Kd4 88. g5 Ke5 89. Kh5 Kf5 90. Bd3+ Ke5 91. Kh6 Rc7 92. a5 Ra7 93. a6
Rc7 94. g6 Kf6 95. Kh5 Rd7 96. Kg4 Rd4 97. Bb5 Rd8 98. Bc6 Kxg6 99. a7 Kf6 100.
a8=Q 1-0

[Event "TCh-RUS Blitz 2015"]
[Site "Sochi RUS"]
[Date "2015.05.10"]
[Round "3.32"]
[White "Oganyan, Arsen"]
[Black "Sergeyev, Alexander"]
[Result "0-1"]
[BlackTitle "FM"]
[WhiteElo "2282"]
[BlackElo "2380"]
[WhiteTeam "Krasnodar region"]
[BlackTeam "Yamal (YaNAO)"]
[WhiteFideId "4175492"]
[BlackFideId "13702076"]
[EventDate "2015.05.10"]

1. d4 d5 2. c4 c6 3. Nf3 Nf6 4. Qc2 g6 5. Bf4 Bf5 6. Qb3 Qb6 7. e3 Nbd7 8. c5
Qxb3 9. axb3 Bxb1 10. Rxb1 a6 11. b4 Bg7 12. h3 Ne4 13. Bd3 h6 14. Ke2 g5 15.
Bh2 O-O 16. Rhd1 f5 17. Ne5 Nxe5 18. Bxe5 Bxe5 19. dxe5 e6 20. f3 Ng3+ 21. Kf2
f4 22. exf4 gxf4 23. Rdc1 Rae8 24. Ra1 Re7 25. b5 axb5 26. Ra7 Nf5 27. Bxf5 Rxf5
28. Re1 Kg7 29. Ra8 Rf8 30. Rea1 Ree8 31. R8a7 Rb8 32. R1a6 Kg6 33. Rb6 Kf5 34.
Raxb7 Rxb7 35. Rxb7 Ra8 36. g3 Ra2 37. gxf4 Kxf4 38. Rf7+ Kxe5 39. Rc7 Rxb2+ 40.
Kg3 Kd4 41. Rxc6 e5 42. Rc8 Rc2 43. c6 b4 44. Rb8 Rxc6 45. Rxb4+ Rc4 46. Rb6 h5
47. Rh6 Rc3 48. Kf2 Rc2+ 49. Kg3 Re2 50. Rxh5 Kc3 51. Rh8 d4 52. Rc8+ Kd2 53. h4
Re1 54. Kg2 Ke3 55. h5 Re2+ 56. Kg3 Re1 57. Kg2 Re2+ 58. Kg3 Re1 59. Kg2 Re2+
60. Kg3 Re1 61. Kg2 Re2+ 62. Kg3 Rf2 63. Rf8 d3 64. h6 d2 65. Rd8 Rxf3+ 66. Kg4
Rf1 67. h7 Rh1 68. Rd5 e4 69. Rh5 Rxh5 70. Kxh5 d1=Q+ 71. Kg6 Qh1 72. Kg7 Kf4 0-1